Cumulative Supplement to the Laws of Uganda : as at 31st December 2004 / Uganda Law Reform Commission. (Record no. 12949)

MARC details
000 -LEADER
fixed length control field 00645nam a22001817a 4500
003 - CONTROL NUMBER IDENTIFIER
control field Ost
005 - DATE AND TIME OF LATEST TRANSACTION
control field 20250424113051.0
008 - FIXED-LENGTH DATA ELEMENTS--GENERAL INFORMATION
fixed length control field 250424b |||||||| |||| 00| 0 eng d
040 ## - CATALOGING SOURCE
Original cataloging agency BSULIB
Language of cataloging BSU
Transcribing agency BSU
Modifying agency BSU
082 ## - DEWEY DECIMAL CLASSIFICATION NUMBER
Edition number 22
Classification number 349.6761
Item number UGA
245 ## - TITLE STATEMENT
Title Cumulative Supplement to the Laws of Uganda : as at 31st December 2004 / Uganda Law Reform Commission.
260 ## - PUBLICATION, DISTRIBUTION, ETC. (IMPRINT)
Place of publication, distribution, etc Kampala
Name of publisher, distributor, etc Uganda Law Reform Commission
Date of publication, distribution, etc c 2021
300 ## - PHYSICAL DESCRIPTION
Extent xviii,421p.
Dimensions 29cm.
600 ## - SUBJECT ADDED ENTRY--PERSONAL NAME
Source of heading or term Cumulative Supplement to the Laws of Uganda : as at 31st December 2020 / Uganda Law Reform Commission.
610 ## - SUBJECT ADDED ENTRY--CORPORATE NAME
Source of heading or term Law
650 ## - SUBJECT ADDED ENTRY--TOPICAL TERM
Source of heading or term Cumulative supplement
942 ## - ADDED ENTRY ELEMENTS (KOHA)
Source of classification or shelving scheme Dewey Decimal Classification
Koha item type Books
Holdings
Withdrawn status Lost status Source of classification or shelving scheme Damaged status Not for loan Home library Current library Shelving location Date acquired Source of acquisition Inventory number Total Checkouts Full call number Barcode Date last seen Copy number Price effective from Koha item type Public note
    Dewey Decimal Classification     Main Library Faculty of Law Library Open Shelves 24/04/2025 Donation 35879   349.6761 UGA bsu25040096 24/04/2025 01 24/04/2025 Books material available in hard copy
    Dewey Decimal Classification     Main Library Faculty of Law Library Open Shelves 24/04/2025 Donation 35882   349.6761 UGA bsu25040097 24/04/2025 02 24/04/2025 Books material available in hard copy
    Dewey Decimal Classification     Main Library Faculty of Law Library Open Shelves 24/04/2025 Donation 35880   349.6761 UGA bsu25040098 24/04/2025 03 24/04/2025 Books material available in hard copy
    Dewey Decimal Classification     Main Library Faculty of Law Library Open Shelves 24/04/2025 Donation 35881   349.6761 UGA bsu25040099 24/04/2025 04 24/04/2025 Books material available in hard copy
    Dewey Decimal Classification     Main Library Faculty of Law Library Open Shelves 24/04/2025 Donation 35878   349.6761 UGA bsu25040100 24/04/2025 05 24/04/2025 Books material available in hard copy

© 2017 Bishop Stuart University Library. All Rights Reserved.
Kakoba Campus, Plot 150 Buremba Road | P.O. Box 9, Mbarara, UGANDA | Tel: +256-772-463068
Email: library@bsu.ac.ug